MARC

LEADER 00000nam0a2200000 4500
001 364789
005 20231102011725.0
035 |a (RuTPU)RU\TPU\retro\22152 
035 |a RU\TPU\retro\22151 
090 |a 364789 
100 |a 20211129d1958 k y0rusy50 ca 
101 0 |a rus 
102 |a RU 
105 |a a z 001zy 
200 1 |a О тектоническом районировании бассейна верхнего течения р. Индигирки  |f С. И. Гавриков  |g Всесоюзный научно-исследовательский институт золота и редких металлов 
210 |a Магадан  |c Изд-во ВНИИ-1  |d 1958 
215 |a 20 с.  |c ил. 
225 1 |a Труды ВНИИ-1 (Всесоюзного научно-исследовательского института золота и редких металлов) 
225 1 |a Геология  |v Вып. 38 
320 |a Библиогр. в конце ст. 
606 1 |a Геология  |2 stltpush  |3 (RuTPU)RU\TPU\subj\6095  |9 34054 
610 1 |a Индигирка 
610 1 |a складчатые области 
610 1 |a тектоническое районирование 
610 1 |a стратиграфия 
610 1 |a Яно-Колымская складчатая область 
610 1 |a зональность 
675 |a 55  |v 4 
700 1 |a Гавриков  |b С. И. 
712 0 2 |a Всесоюзный научно-исследовательский институт золота и редких металлов  |c (Магадан)  |c (1960-1994)  |2 stltpush  |3 (RuTPU)RU\TPU\col\7605  |9 24351 
801 1 |a RU  |b 63413507  |c 20211018 
801 2 |a RU  |b 63413507  |c 20211129  |g RCR 
942 |c BK